Szczegóły MARC21

Projektowanie szkoły podstawowej i przedszkola /

003 -Nazwa inst., której nr kontr. jest w polu 001 [,]
    • @
    • Nazwa instytucji, której n kontrolny jest w polu 001
    • NUKAT
005 -DATA I CZAS OSTATNIEJ MODYFIKACJI [,]
    • @
    • pole kontrolne
    • 20241231114856.0
040 -Instytucja sporządzająca opis [ , ]
    • a
    • Instytucja, która sporządziła opis (NP)
    • GL 001/ML
    • c
    • Instytucja, która sporządziła rekord (NP)
    • GL 001/ML
    • d
    • Instytucja, która zmodyfikowała rekord (P)
    • GL 001/IFW
    • d
    • Instytucja, która zmodyfikowała rekord (P)
    • Ł 30/MSs
    • d
    • Instytucja, która zmodyfikowała rekord (P)
    • GL 001/ML
942 -Rodzaj dokumentu [ , ]
    • c
    • Rodzaj dokumentu
    • Książka
100 -Hasło główne - nazwa osobowa [1, ]
    • a
    • Nazwa osobowa (NP)
    • Włodarczyk, Janusz
    • d
    • Daty biograficzne (NP)
    • (1932-2015).
    • 9
    • KHW
    • 258056
245 -Strefa tytułu i oznaczenia odpowiedzialności [1,0]
    • a
    • Tytuł
    • Projektowanie szkoły podstawowej i przedszkola / Find
    • c
    • Pozostałe elementy strefy tytułu i oznaczenia odpowiedzialności (NP)
    • Janusz Włodarczyk.
260 -Strefa adresu wydawniczego [ , ]
    • a
    • Miejsce wydania (P)
    • Białystok :
    • b
    • Nazwa wydawcy (P)
    • Wydawnictwa Politechniki Białostockiej,
    • c
    • Data wydania (P)
    • dr. 1992.
300 -Strefa opisu fizycznego [ , ]
    • a
    • Określenie formy książki i/lub objętość (NP)
    • 64, [26] s., [4] k. tabl. złoż. :
    • b
    • Oznaczenie ilustracji (NP)
    • il. ;
    • c
    • Format (NP)
    • 23 cm.
336 -Typ zawartości [ , ]
    • a
    • Termin opisujący typ zawartości
    • Tekst
    • b
    • Kod określający zawartość
    • txt
    • 2
    • Źródło (terminu i kodu)
    • rdacontent
337 -Typ mediów [ , ]
    • a
    • Tryb odtwarzania
    • Bez urządzenia pośredniczącego
    • b
    • Kod typu mediów
    • n
    • 2
    • Źródło (terminu i kodu)
    • rdamedia
338 -Typ/rodzaj nośnika [ , ]
    • a
    • Hasło opisujące typ nośnika
    • Wolumin
    • b
    • Kod typu nośnika
    • nc
    • 2
    • Źródło (terminu i kodu)
    • rdacarrier
490 -Strefa serii i książki wielotomowej - forma nie do wyszukiwania [1, ]
    • a
    • Tytuł (P)
    • Skrypty / Politechnika Białostocka Find
830 -Hasło dodatkowe serii i opisu książki wielotomowej - tytuł ujednolicony/tytuł [ ,0]
    • a
    • Tytuł ujednolicony/tytuł (NP)
    • Skrypty - Politechnika Białostocka
    • 9
    • KHW
    • 405806
500 -Uwaga ogólna [ , ]
    • a
    • Uwaga ogólna (NP)
    • Data wyd. z okł.
504 -Uwaga dot. bibliogr. załącznikowej [ , ]
    • a
    • Uwaga dot. bibliografii załącznikowej
    • Bibliogr. s. 62-64.
650 -Hasło przedmiotowe [ ,7]
    • a
    • Hasło przedmiotowe
    • Przedszkola (budynki).
    • 2
    • Źródło terminu
    • kaba
    • 9
    • KHW
    • 143196
650 -Hasło przedmiotowe [ ,7]
    • a
    • Hasło przedmiotowe
    • Budynki szkolne
    • x
    • Określnik rzeczowy
    • projektowanie i konstrukcja.
    • 2
    • Źródło terminu
    • kaba
    • 9
    • KHW
    • 444228
710 -Hasło dodatkowe - nazwa ciała zbiorowego [2, ]
    • a
    • Nazwa ciała zbiorowego lub nazwa geograficzna jako pierwszy element (NP)
    • Politechnika Białostocka.
    • b
    • Nazwa jednostki podrzędnej (P)
    • Wydawnictwa.
    • 4
    • Kod relacji
    • pbl
    • 9
    • KHW
    • 62515
Numer inwentarzowy Status udost. Lokalizacja
Pd.61501BG